00585nam a2200205Ia 4500008004100000020001800041050001400059100002000073245002000093245003900113260001300152260001400165260000900179300001500188300002000203300001000223440002400233999001900257952010300276180207s9999 xx 000 0 und d a9780773756656 bL785 1994 aLivesey, Robert 4aThe defenders / cby Robert Livesey and A. G. Smith. aCanada : bStoddart, c1994 a90 pages : billustrations ; c21cm. aDiscovering Canada. c355576d355576 001040aSSISMbSSISMd2018-02-07l0oER L785 1994pSSISM5121r2018-02-07 00:00:00w2018-02-07yBK